[Event "FE Carnevale GM Elite 2021"]
[Site "Bassano del Grappa"]
[Date "2021.02.15"]
[Round "6.4"]
[White "Moroni, Luca Jr"]
[Black "Kuhn, Clement"]
[Result "1-0"]
[WhiteElo "2573"]
[BlackElo "2240"]
[Annotator "TA"]
[PlyCount "57"]
[EventDate "2021.02.12"]
[EventType "tourn"]
[EventCountry "ITA"]
[SourceTitle "playchess.com"]
[Source "ChessBase"]
[SourceQuality "1"]

{[%evp 22,57,14,15,21,0,0,-15,0,11,19,0,0,0,0,-29,97,89,76,0,98,103,114,105,301,292,763,755,1308,1246,2046,1984,1985,1904,1900,1889,2861,2723]} 1. d4 Nf6 2. c4 g6 3. Nc3 Bg7 4. e4 d6 5. Bd3 O-O 6. Nge2 Nc6 7. O-O e5 8. d5 Nd4 9. Nxd4 exd4 10. Ne2 Re8 11. f3 c5 12. Bg5 Qc7 {is the legacy move (12...h6). E70: King's Indian: Miscellaneous lines with 4 e4, including 5 Nge2 and 5 Bd3 0-0 6 Nge2.} 13. Ng3 Nd7 14. f4 h6 {The position is equal.} 15. Bh4 b5 16. b3 bxc4 17. bxc4 Rb8 {[#]} 18. Qd2 $146 ({Predecessor:} 18. Qc2 Rb6 19. Rae1 Ra6 20. Re2 Kh8 21. Ref2 Qa5 22. Rb1 Qc3 23. Qe2 Ra3 24. Rd1 {½-½ (40) Papenin,N (2583)-Persson,C (2563) ICCF email 2014}) 18... Ba6 {[#]} (18... Rb6 $11) 19. e5 $1 $16 dxe5 {[#]} 20. f5 Rb6 (20... g5 $11 21. f6 Nxf6 22. Bxg5 hxg5 23. Qxg5 Nh7 24. Bxh7+ Kxh7 25. Qh5+ Kg8) 21. fxg6 fxg6 {With the idea ...g5.} 22. Ne4 ({Weaker is} 22. Qf2 Rf8 $15) 22... Rb4 $2 {This move loses the game for Black.} (22... Bc8 $16) 23. Qe2 $18 ({Less strong is} 23. Qf2 Rf8 $16) 23... Reb8 $2 (23... Rb6 24. Be1 Rbb8) 24. Qg4 {White is clearly winning.} Nf8 25. d6 Qd7 {[#]} 26. Rxf8+ $1 {[%mdl 576] Remove Defender} Rxf8 27. Qxd7 Bc8 28. Qc7 Be6 29. d7 {Weighted Error Value: White=0.05/Black=0.54} 1-0

[Event "FE Carnevale GM Elite 2021"]
[Site "Bassano del Grappa"]
[Date "2021.02.15"]
[Round "6.5"]
[White "Subelj, Jan"]
[Black "Brilej, Jaka"]
[Result "1-0"]
[WhiteElo "2418"]
[BlackElo "2268"]
[Annotator "TA"]
[PlyCount "51"]
[EventDate "2021.02.12"]
[EventType "tourn"]
[EventCountry "ITA"]
[SourceTitle "playchess.com"]
[Source "ChessBase"]
[SourceQuality "1"]

{[%evp 16,51,16,19,139,154,222,222,383,352,455,362,463,356,475,459,427,351,566,471,471,464,443,449,445,427,631,625,633,624,597,593,728,636,735,731,29990,29991]} 1. e4 c5 2. Nf3 Nc6 3. Bb5 g6 4. O-O Bg7 5. c3 e5 6. d4 cxd4 7. cxd4 exd4 8. Bf4 Nge7 9. Bd6 Qb6 {B31: Sicilian: 2...Nc6 3 Bb5 g6.} (9... a6 $11 {remains equal.} 10. Bc4 b5) 10. Na3 {[%mdl 1024] White has strong compensation.} Na5 {[#]} (10... a6 $16) 11. e5 $1 $18 Nf5 $2 {[#]} (11... Nac6 12. Bc4 a6) 12. Re1 $146 ({Predecessor:} 12. Qe2 Bf8 13. Rfe1 Be7 14. Rad1 O-O 15. Bxe7 Nxe7 16. Nxd4 a6 17. Bc4 Qc5 18. Nb3 Nxb3 19. Bxb3 {½-½ (42) Meissner,H (2280)-Schramm,C (2245) Germany 1993}) 12... Nc6 13. Bc4 a6 14. Rc1 Qd8 15. Qb3 {[%csl Gb3][%cal Rc4f7]} Nh6 16. Re4 b5 $2 (16... Bf8 {was called for.} 17. Nxd4 Nxd4 18. Rxd4 Bxd6) 17. Bd5 Na5 18. Qb4 Bb7 19. Bxb7 Nxb7 20. Rc7 Rb8 (20... Nxd6 $142 21. exd6+ Kf8) 21. Nxd4 Nf5 22. Nxf5 gxf5 23. Re1 Rg8 24. Qf4 Bf8 25. Qxf5 {White threatens e6! and mate.} Rg6 {[#]} 26. e6 $1 {[%csl Gf5][%cal Re6f7] White took control after the opening.  Weighted Error Value: White=0.25/Black=1.18} 1-0

[Event "FE Carnevale GM Elite 2021"]
[Site "Bassano del Grappa"]
[Date "2021.02.15"]
[Round "7.1"]
[White "Brilej, Jaka"]
[Black "Suarez Uriel, Adrian"]
[Result "0-1"]
[WhiteElo "2268"]
[BlackElo "2360"]
[Annotator "TA"]
[PlyCount "120"]
[EventDate "2021.02.12"]
[EventType "tourn"]
[EventCountry "ITA"]
[SourceTitle "playchess.com"]
[Source "ChessBase"]
[SourceQuality "1"]

{[%evp 9,120,12,32,14,41,30,65,32,46,43,41,5,12,-16,-1,-19,4,4,32,8,0,8,16,14,67,56,81,87,81,33,26,10,84,0,60,8,10,8,19,-23,-22,-20,-19,-19,-12,-37,-4,-45,-37,-32,-25,-25,-25,-23,0,-6,0,-14,-14,-15,-9,-73,-21,-19,0,-16,-8,-45,-27,-32,0,-11,-13,-28,0,-9,0,0,0,-28,-17,-13,-27,-205,-204,-193,-171,-435,-392,-413,-613,-588,-561,-764,-747,-856,-836,-1356,-470,-983,-956,-1020,-934,-1152,-838,-812,-775,-1865,-1816,-1746,-1702,-1595,-1633]} 1. e4 d6 2. d4 Nf6 3. Nc3 e5 4. Nge2 Be7 5. f3 h5 6. Be3 {B07: Pirc Defence: Miscellaneous Systems.} Nbd7 7. Qd2 {[#]} Nb6 $146 ({Predecessor:} 7... c6 8. a4 g6 9. g3 O-O 10. Bg2 Re8 11. O-O a5 12. h3 Bf8 13. f4 exd4 14. Bxd4 {1-0 (34) Anand,V (2779)-Strikovic,A (2510) Villarrobledo 2006}) 8. Nc1 {White is slightly better.} O-O 9. dxe5 dxe5 10. Bd3 Be6 11. Nb3 Nfd7 12. Qf2 Bg5 13. O-O-O a5 14. Kb1 Bxe3 15. Qxe3 Qe7 16. Nd2 a4 (16... Nc5 $11) 17. a3 $14 Nc5 18. Be2 Rad8 19. f4 exf4 20. Qxf4 g6 (20... f5 $11 {keeps the balance.}) 21. Nf3 ({White should play} 21. Qh6 $16) 21... Kg7 (21... Bg4 $11) 22. Qe5+ (22. h3 $14) 22... f6 $11 23. Qg3 Bf7 24. Nh4 (24. Rxd8 {keeps more tension.} Rxd8 25. e5 f5 26. Re1 Nbd7 27. Bd3) 24... Qe5 25. Qxe5 fxe5 26. Nf3 Rde8 27. Kc1 c6 28. Kd2 Bc4 29. Bd3 Bxd3 30. cxd3 Nbd7 31. Ke3 b5 32. Rhf1 Kh6 33. Ne2 Rf6 34. h3 Rd6 35. Ne1 (35. g4 $11) 35... Kg7 (35... Nb6 $17 {And now ...Nc4+! would win.} 36. Rc1 Nb3) 36. Nf3 Nb6 {Strongly threatening ...Rxd3+!} 37. Nc3 Re7 38. Rd2 Kh6 39. Rdd1 g5 40. Rd2 Kg6 41. Rdd1 Rd8 42. Rd2 Re6 43. Rdd1 Nb3 44. Na2 c5 45. Nc3 Nd4 46. Ne2 $2 {[#] White does not recover from this.} (46. h4 $11) 46... Nxf3 $1 $19 47. gxf3 {[#]} Red6 $1 {[%cal Rd6d3] aiming for ...Rxd3+!} 48. Rg1 $2 {[#]} (48. Nc3) 48... Nc4+ $1 {[%mdl 512]} 49. dxc4 Rxd1 50. Rxd1 {Black is clearly winning.} Rxd1 {[%mdl 4096] Endgame KR-KN} 51. Nc3 Rh1 52. cxb5 Rxh3 53. Nb1 Rh4 (53... g4 $142 54. Nc3 Rxf3+ 55. Ke2 h4) 54. Nc3 (54. Nd2 $142 Rf4 55. Kf2) 54... Rf4 55. Nd5 Rf7 56. b6 Rb7 57. Kf2 Kf7 58. Nc3 Rxb6 59. Nxa4 Rb5 60. Kg3 Ke6 {Weighted Error Value: White=0.61/Black=0.27} 0-1

[Event "FE Carnevale GM Elite 2021"]
[Site "Bassano del Grappa"]
[Date "2021.02.15"]
[Round "7.2"]
[White "Kuhn, Clement"]
[Black "Subelj, Jan"]
[Result "0-1"]
[WhiteElo "2240"]
[BlackElo "2418"]
[Annotator "TA"]
[PlyCount "112"]
[EventDate "2021.02.12"]
[EventType "tourn"]
[EventCountry "ITA"]
[SourceTitle "playchess.com"]
[Source "ChessBase"]
[SourceQuality "1"]

{[%evp 9,112,9,38,8,6,6,19,21,28,33,21,21,36,30,33,0,25,0,0,-34,-39,-28,-34,-37,-43,-53,8,-58,-59,-61,-57,-49,-15,-89,-69,-64,-76,-156,-96,-106,-115,-306,-304,-341,-267,-296,-298,-312,-308,-262,-275,-297,-260,-270,-273,-268,-260,-273,-279,-313,-312,-329,-345,-400,-385,-744,-744,-720,-720,-683,-625,-6929,-6408,-5310,-4133,-12837,-11830,-29968,-29969,-29972,-29973,-29981,-29982,-29982,-29983,-29983,-29982,-29982,-29983,-29983,-29984,-29984,-29985,-29985,-29986,-29986,-29987,-29987,-29988,-29988,-29988,-29988,-29988,-29990,-29991]} 1. e4 c6 2. d4 d5 3. exd5 cxd5 4. Bf4 Nc6 5. c3 Nf6 6. Nd2 {B13: Caro-Kann: Exchange Variation and Panov-Botvinnik Attack.} Bf5 7. Ngf3 e6 8. Qb3 {The position is equal.} Bd6 $1 {[%mdl 4] now scores much better than the old 8...Qc8.} 9. Qxb7 Bxf4 10. Qxc6+ Kf8 11. Ne5 {[#]} h5 $146 ({Predecessor:} 11... Bxd2+ 12. Kxd2 Rb8 13. Qc5+ Kg8 14. Qxa7 Rxb2+ 15. Kc1 Rc2+ 16. Kd1 h5 17. Nc6 Qe8 {1-0 (52) Gorodetzky,D (2461)-Parligras,M (2638) Riga 2019}) 12. Qb7 {[%csl Ge5][%cal Rb7f7]} Bxe5 13. dxe5 Nd7 14. Qb4+ Kg8 15. Qd4 Qb8 16. c4 Nxe5 {aiming for ...Nc6.} 17. cxd5 Kh7 (17... exd5 $15 18. Be2 Bd3 $1 19. Bxd3 Qxb2 $1) 18. Be2 (18. f4 $11 Ng4 19. d6) 18... Rd8 $15 19. O-O Rxd5 20. Qc3 Qd8 21. Nb3 (21. Bxh5 $11 Rc8 22. Qg3) 21... Rc8 22. Qe3 Rc2 23. Rfd1 {[#]} (23. Bxh5 $142 Qh4 24. Be2) 23... Rxb2 ({Better is} 23... Ng4 $1 {[%cal Rg4e3]} 24. Bxg4 hxg4 25. Rxd5 Qxd5 26. Qxa7 Be4) 24. Bxh5 {[#] White wants to play Qxe5!} Rxa2 $3 {[%mdl 512]} 25. Rac1 $2 {This costs White the game.} ({Not} 25. Qxe5 $2 Rxe5 26. h3 Rxa1 $19) (25. h3 $17 {was necessary.} Rxd1+ 26. Rxd1) (25. h3 Rxa1) 25... Nd3 $19 26. Ra1 Rb2 27. Nd2 {[#]} Nxf2 {[%mdl 512]} 28. Qxf2 Rdxd2 ({Resist} 28... Rbxd2 29. Qe1 $19) 29. Rxd2 Rxd2 30. Qe3 g6 31. Bf3 Qb6 32. Qxb6 axb6 {[%mdl 4096] Endgame KRB-KRB} 33. Ra7 Kg7 34. Rb7 Rb2 35. g4 Bd3 36. Bc6 g5 37. Bd7 $2 {[#]} (37. h3) 37... Rg2+ $3 {[%mdl 576] Decoy} 38. Kxg2 Be4+ {[%mdl 64] Double Attack} 39. Kg3 Bxb7 {KB-KB} 40. h4 gxh4+ 41. Kxh4 Kf6 42. g5+ Ke7 43. Bb5 Be4 {Black mates.} 44. Kh5 Bg6+ 45. Kh6 e5 46. Kg7 e4 47. Be2 Ke6 48. Bc4+ Kf5 49. Kh6 e3 50. Bd3+ Ke5 51. Bb5 Kd4 52. Kg7 Kc5 53. Be2 b5 {[%cal Bb6b5,Bb5b4,Bb4b3][%mdl 32]} 54. Bd1 b4 55. Kf6 Kd4 56. Be2 b3 {Weighted Error Value: White=0.84/Black=0.10} 0-1

[Event "FE Carnevale GM Elite 2021"]
[Site "Bassano del Grappa"]
[Date "2021.02.15"]
[Round "7.3"]
[White "Bernadskiy, Vitaliy"]
[Black "Moroni, Luca Jr"]
[Result "1-0"]
[WhiteElo "2600"]
[BlackElo "2573"]
[Annotator "TA"]
[PlyCount "119"]
[EventDate "2021.02.12"]
[EventType "tourn"]
[EventCountry "ITA"]
[SourceTitle "playchess.com"]
[Source "ChessBase"]
[SourceQuality "1"]

{[%evp 10,119,49,31,39,41,50,31,26,23,37,10,23,20,55,55,73,63,69,65,61,32,48,14,69,14,63,0,0,-4,-5,-43,-39,-41,88,93,92,90,83,85,101,105,105,93,116,106,106,7,152,143,146,115,131,131,149,152,149,133,148,148,141,136,137,129,128,123,275,79,92,87,310,260,264,264,247,204,339,262,261,262,576,576,518,268,2200,2010,1775,1454,6379,6068,3850,3487,6644,12353,2883,6399,29965,6331,29963,12633,6420,6170,29967,12768,6287,4134,1930,2991,29986,29987,29986,29987]} 1. d4 g6 2. e4 Bg7 3. Nc3 d6 4. Be3 Nf6 5. Qd2 O-O 6. Nf3 d5 {B08: Pirc Defence: Classical System.} 7. exd5 Nxd5 8. Nxd5 Qxd5 {White is slightly better.} 9. c4 Qd6 10. Be2 {[#]} c5 $146 ({Predecessor:} 10... Nc6 11. O-O Re8 12. d5 Ne5 13. c5 Nxf3+ 14. Bxf3 Qf6 15. b3 Bf5 16. Rad1 Qa6 {1-0 (48) Bertel,M (1943)-Hervas,F (1974) IECC email 2017}) 11. d5 Bg4 12. O-O Nd7 13. Rfe1 Bxf3 14. Bxf3 Rfe8 15. Bg4 Rad8 16. Bh3 Be5 (16... b5 $11) 17. Kh1 (17. g3 $14) 17... b6 18. Re2 ({White should try} 18. Rad1 $14) 18... b5 $1 $11 19. cxb5 Nb6 20. Rc1 (20. g3 {is interesting.} Nxd5 21. Bxc5 Qxc5 22. Rxe5 Qxb5 23. Bg2) 20... Nxd5 21. Bxc5 {[%mdl 64] Double Attack} Qb8 {[#]} (21... Qf6 $1 $15 {keeps the upper hand.} 22. Qc2 (22. Bxa7 $2 Nf4 $19) 22... Nf4) 22. Bxa7 $1 $16 Qxa7 23. Rxe5 Qxa2 24. g3 $1 Qb3 25. Bf1 e6 26. Kg1 Rc8 27. Ree1 Red8 28. Qd4 (28. Rxc8 $16 Rxc8 29. Ra1) 28... Rc2 (28... Nc3 $1 $11 {remains equal.} 29. Qe3 (29. Rxc3 Qxb2 30. Rxc8 Qxd4 $17) 29... Qxb2) 29. Rxc2 Qxc2 30. Bc4 Qa4 31. b3 Qa8 32. Ra1 $36 {[%mdl 2048] White is in control.} Qb8 33. Bf1 h5 34. h4 Nb6 35. Qe4 Nd5 36. Bc4 Nf6 37. Qc6 Qe5 $2 {[#]} (37... Kg7 $16 {was worth a try.}) 38. Rf1 $2 (38. Ra8 $1 $18 {[%cal Ra8d8]} Rxa8 39. Qxa8+ Kg7 40. b6 Qe1+ 41. Kg2) 38... Kg7 39. b6 Nd7 $2 (39... Rd6 $16 {keeps fighting.} 40. Qc7 Nd5 41. Bxd5 Rxd5) 40. b7 Nb8 41. Qc8 {[%cal Rc8d8]} Rd2 42. b4 Nd7 (42... Rb2 {was necessary.} 43. Bd3 Rxb4) 43. Qd8 Rd4 44. Rc1 Nb8 $2 (44... Rd2 {is tougher.} 45. Qc8 Qf6) 45. Qa5 $18 Qd6 46. Qc5 Rd1+ $2 (46... Qxc5 47. bxc5 Rd7) 47. Rxd1 Qxd1+ 48. Bf1 {Black must now prevent Qe5+.} Qd8 49. b5 {[%cal Bb4b5,Bb5b6][%mdl 32]} Qf8 50. Qc8 Qd6 51. b6 Qf8 52. Qc7 (52. Qc3+ $142 Kh7 53. Qc7) 52... Qe8 53. Qe5+ (53. Bc4 $142 Kg8 54. Qc8 Qf8 55. Bb5 Kg7 56. Be8 Qd6 {[#]} 57. Bxf7 $1 {[%mdl 512]} Qd1+ 58. Kh2) 53... Kg8 54. Bb5 Qf8 55. Qc7 Kg7 56. Bd7 Na6 57. Qe5+ Kh7 58. Bc8 f6 59. b8=Q fxe5 60. Qa7+ {[%mdl 64] Double Attack.  Weighted Error Value: White=0.31/Black=0.76} 1-0

[Event "FE Carnevale GM Elite 2021"]
[Site "Bassano del Grappa"]
[Date "2021.02.15"]
[Round "7.4"]
[White "Basso, Pier Luigi"]
[Black "Martin Duque, Jesus"]
[Result "0-1"]
[WhiteElo "2553"]
[BlackElo "2438"]
[Annotator "TA"]
[PlyCount "74"]
[EventDate "2021.02.12"]
[EventType "tourn"]
[EventCountry "ITA"]
[SourceTitle "playchess.com"]
[Source "ChessBase"]
[SourceQuality "1"]

{[%evp 9,74,17,37,36,29,26,28,28,68,60,50,33,54,29,21,32,24,14,20,0,0,0,-4,0,0,0,0,0,0,-18,-15,-27,-33,-26,-31,-46,-25,-48,-12,-7,0,-93,-97,-156,-156,-291,-286,-449,-392,-675,-669,-678,-665,-838,-803,-2122,-2088,-2012,-1817,-5281,-2863,-2566,183,-2572,-2310,-3606,-1462]} 1. d4 Nf6 2. c4 e6 3. Nf3 b6 4. g3 Bb7 5. Bg2 g6 6. Nc3 {E16: Queen's Indian: 4 g3 Bb7 5 Bg2 Bb4+.} Bg7 7. Qc2 {Recently 7.d5 got a lot of attention.} O-O 8. O-O {White has an edge.} c5 9. dxc5 bxc5 10. Bf4 d5 {[#]} 11. cxd5 $146 ({Predecessor:} 11. Rfd1 Na6 12. Be5 Qe7 13. cxd5 exd5 14. Qb3 d4 15. Bxf6 Bxf6 16. Nd5 Bxd5 17. Qxd5 {1-0 (40) Zeller,F (2424)-Schmittdiel,E (2425) Wuerttemberg 2007}) 11... exd5 12. Rfd1 Na6 13. Ne1 Qe7 14. Rac1 ({Wrong is} 14. Bxd5 $2 Nxd5 15. Nxd5 Bxd5 $19) 14... d4 15. Bxb7 Qxb7 16. Na4 Rfc8 17. Be5 Qe7 18. Bxf6 Bxf6 19. Qc4 Rc6 $36 {[%mdl 2048] Black is pushing.} 20. a3 Rac8 21. Rc2 Nb8 {[%cal Ba6b8,Bb8d7,Bd7e5][%mdl 32]} 22. Nd3 {[%cal Ra4c5]} Nd7 23. b3 Kg7 24. Qd5 R8c7 25. Qf3 (25. Nab2 $11 {keeps the balance.}) 25... c4 $17 26. Nb4 (26. bxc4 $142 Rxc4 27. Rxc4 Rxc4 28. Nb4) 26... Ne5 27. Qg2 (27. Qe4 $17 cxb3 28. Rxc6 Nxc6 29. Qxe7 Bxe7 30. Rc1) 27... cxb3 $19 28. Rcd2 (28. Rxc6 $142 Nxc6 {[%mdl 64] Discovered Attack} 29. Nd5 Qxe2 30. Qf1 Qxf1+ 31. Kxf1) 28... Rc1 29. Nd5 $2 (29. Qf1 Rxd1 30. Qxd1) 29... Qxa3 30. Nxc7 Rxc7 31. Nb2 Rc2 {[#] aiming for ...Qxb2.} 32. Nd3 Rxd2 33. Rxd2 Nxd3 34. Rxd3 Qc1+ 35. Qf1 Qxf1+ 36. Kxf1 b2 37. Rd1 d3 {Weighted Error Value: White=0.85/Black=0.04} (37... a5 $142 38. g4 a4) 0-1

[Event "FE Carnevale GM Elite 2021"]
[Site "Bassano del Grappa"]
[Date "2021.02.15"]
[Round "7.5"]
[White "Blohberger, Felix"]
[Black "Dardha, Daniel"]
[Result "1/2-1/2"]
[WhiteElo "2477"]
[BlackElo "2503"]
[Annotator "TA"]
[PlyCount "28"]
[EventDate "2021.02.12"]
[EventType "tourn"]
[EventCountry "ITA"]
[SourceTitle "playchess.com"]
[Source "ChessBase"]
[SourceQuality "1"]

{[%evp 12,28,4,0,-8,-8,-18,-19,-5,-13,-13,-4,-6,-5,-7,-14,1263,-58,-6]} 1. d4 Nf6 2. c4 e6 3. Nc3 Bb4 4. e3 O-O 5. Nge2 Re8 6. a3 Bf8 7. e4 d5 {E46: Nimzo-Indian: Rubinstein: 4 e3 0-0 5 Ne2 without early Bd3.} 8. Bg5 dxe4 9. Nxe4 {[#]} Nbd7 $146 {The position is equal.} ({Predecessor:} 9... Be7 10. N4c3 Nc6 11. h3 e5 12. dxe5 Nxe5 13. Qxd8 Rxd8 14. Nf4 c6 15. Rd1 Bf5 {0-1 (41) Fernandez de Bobadilla,G (2243)-Tabatabaei,M (2635) Sitges 2019}) 10. N2c3 h6 11. Nxf6+ Nxf6 12. Be3 e5 13. dxe5 {[#] Hoping for Qxd8.} Qd4 {[%mdl 8192]} 14. Qd2 $2 ({White should play} 14. Qxd4 $18 c5 15. Qf4) 14... Qxd2+ {Weighted Error Value: White=0.88/Black=0.06} (14... Qxe5 $15 15. Be2 Bg4 16. Bxg4 Nxg4) 1/2-1/2

[Event "FE Carnevale GM Elite 2021"]
[Site "Bassano del Grappa"]
[Date "2021.02.16"]
[Round "8.1"]
[White "Suarez Uriel, Adrian"]
[Black "Dardha, Daniel"]
[Result "0-1"]
[WhiteElo "2360"]
[BlackElo "2503"]
[Annotator "TA"]
[PlyCount "94"]
[EventDate "2021.02.12"]
[EventType "tourn"]
[EventCountry "ITA"]
[SourceTitle "playchess.com"]
[Source "ChessBase"]
[SourceQuality "1"]

{[%evp 9,94,35,35,12,13,-8,-5,-59,-46,-64,-67,-122,-61,-95,-80,-81,-76,-83,-32,-69,80,12,12,0,14,-17,-40,-31,-28,-92,-89,-93,-86,-87,-46,-42,0,0,-12,-53,-52,-97,-93,-169,-176,-193,-164,-195,-183,-204,-177,-188,-193,-200,-159,-247,-241,-410,-404,-507,-494,-516,-483,-426,0,-491,-490,-515,-518,-639,-633,-962,-938,-1350,-1339,-1482,-1508,-29957,-10502,-29984,-29985,-29986,-29987,-29987,-29988,-29988,-744]} 1. e4 c5 2. Nf3 Nc6 3. Bb5 e5 4. O-O Bd6 5. c3 a6 6. Bxc6 {B30: Sicilian: 2...Nc6 3 Bb5, lines without ...g6.} dxc6 7. d4 exd4 {[#]} 8. e5 $146 ({White should try} 8. cxd4 $11 Bg4 9. dxc5 Bxc5 10. Nc3) ({Predecessor:} 8. cxd4 Bg4 9. e5 Bc7 10. dxc5 Qxd1 11. Rxd1 Bxf3 12. gxf3 Bxe5 13. a4 Nf6 14. Ra3 {½-½ (31) Giri,A (2797)-Rapport,R (2726) Shenzhen 2019}) 8... Bc7 $15 9. Bg5 Ne7 10. Re1 (10. cxd4 $15 cxd4 11. Bxe7 Qxe7 12. Qxd4) 10... Bg4 (10... dxc3 $1 $17 11. Nxc3 h6) 11. Nbd2 h6 12. Bh4 dxc3 13. bxc3 Qd5 ({Better is} 13... Bxf3 $17 14. gxf3 O-O) 14. Qa4 Bf5 (14... Bxf3 $15 15. Nxf3 Qe6) 15. Bxe7 (15. Rad1 $1 $16 Qe6 16. Nb3) 15... Kxe7 $11 16. Rad1 Rhd8 17. Nc4 {[#]} (17. Ne4 $5 {[%cal Rd1d5]} Qxd1 18. Rxd1 Rxd1+ 19. Qxd1 Bxe4 20. Qe2 $14) 17... Bc2 $1 18. Qxc2 Qxc4 19. e6 (19. Rd2 $11 {remains equal.}) 19... Rxd1 $17 20. Qxd1 {White threatens Qd7+ and mate.} fxe6 21. Qb1 b6 22. Qg6 Kd7 23. Qxg7+ Kc8 24. Ne5 Qd5 25. c4 {Black keeps a firm grip on the game.} Qd2 {[%cal Rd2e1]} 26. Nf3 (26. Kf1 $17) 26... Qxa2 $19 27. Rxe6 {Hoping for Re7.} Kb7 $1 28. Qd7 Qa1+ ({Not} 28... Rd8 29. Qxc6+ Kb8 30. g3 $16 (30. Re7 Qa1+ 31. Ne1 Rc8 $16)) 29. Ne1 {[#]} Qa4 30. Re7 {[%csl Ge7][%cal Rd7c7]} Rc8 31. Qe6 Qd1 32. Rd7 {[#]} (32. g3 $17) 32... Qb1 $1 33. f4 $2 (33. Re7) 33... a5 34. f5 {And now f6 would win.} a4 {...a3 is the strong threat.} 35. Rd3 Ra8 {White must now prevent ...a3.} 36. Rd7 {Threatens to win with f6.} Rc8 {Strongly threatening ...a3.} 37. Rd3 {intending f6.} Qc1 38. Qe2 Qf4 39. g4 Qxc4 40. Ng2 Rd8 41. Re3 Qc1+ 42. Ne1 Rd2 43. Qf3 a3 {( -> ...a2)} 44. f6 a2 {Black mates.} 45. f7 a1=Q 46. f8=Q Qxe1+ 47. Rxe1 Qxe1+ {Weighted Error Value: White=0.86/Black=0.21} 0-1

[Event "FE Carnevale GM Elite 2021"]
[Site "Bassano del Grappa"]
[Date "2021.02.16"]
[Round "8.2"]
[White "Martin Duque, Jesus"]
[Black "Blohberger, Felix"]
[Result "1-0"]
[WhiteElo "2438"]
[BlackElo "2477"]
[Annotator "TA"]
[PlyCount "83"]
[EventDate "2021.02.12"]
[EventType "tourn"]
[EventCountry "ITA"]
[SourceTitle "playchess.com"]
[Source "ChessBase"]
[SourceQuality "1"]

{[%evp 9,83,26,50,21,22,0,0,-42,-46,-67,-58,-66,40,27,22,30,56,60,38,46,172,181,199,152,231,162,193,182,171,150,196,180,190,189,197,186,243,227,248,242,243,229,247,257,262,213,414,274,337,327,477,462,491,445,474,396,424,421,577,552,710,602,656,671,692,691,853,668,1325,1304,1626,1039,983,980,845,821]} 1. Nf3 g6 2. e4 Bg7 3. d4 d6 4. Nc3 a6 5. Be3 Nd7 6. Bd3 {B06: Modern Defence.} Ngf6 {[#]} 7. e5 $146 ({Predecessor:} 7. h3 O-O 8. e5 Ne8 9. e6 fxe6 10. Ng5 Ndf6 11. h4 c5 12. dxc5 Qa5 13. Kf1 Qb4 {0-1 (27) Stefanova,A (2462)-Arizmendi Martinez,J (2491) Linares 2020}) 7... Ng4 {[%cal Rd6e5]} 8. e6 {The position is equal.} fxe6 9. Bd2 e5 $1 {[%cal Re5d4]} 10. h3 {[#]} Nxf2 11. Kxf2 $14 {Threatens to win with Ng5.} exd4 12. Ne4 $36 {[%mdl 2048] Black is under pressure.} O-O 13. Bc4+ Kh8 14. Kg1 $1 {Strongly threatening Neg5.} Rxf3 {This move loses the game for Black.} 15. gxf3 $18 {Black must now prevent Ng5.} ({Much less strong is} 15. Qxf3 $6 Ne5 $16) 15... Ne5 16. Be2 Be6 (16... Qg8 $16 {was worth a try.} 17. h4 Nc4 18. Bxc4 Qxc4) 17. Qf1 Qg8 18. b3 Rf8 19. Re1 Bd5 {...Bxe4 is the strong threat.} 20. Bd1 c5 21. Rh2 c4 22. Rf2 c3 (22... Nc6 $142 23. a3 cxb3) 23. Bc1 Nf7 {[%cal Be5f7,Bf7h6,Bh6f5,Bf5h4][%mdl 32]} 24. f4 Nh6 25. Bg4 Nf5 26. Kh2 h6 27. Qe2 e6 $2 (27... Nh4 {is a better defense.} 28. Ng3 e5) 28. Bf3 Nh4 29. Bh1 ({Resist} 29. Nxd6 Nxf3+ 30. Rxf3 Bxf3 $18) 29... e5 (29... Nf5 $142 30. Rg2 Qf7) 30. Qg4 Bxe4 31. Bxe4 g5 32. Bxb7 Qf7 33. Bxa6 {White is clearly winning.} d5 34. Rff1 exf4 35. Bd3 f3 36. Rf2 Bf6 37. Kh1 h5 38. Qe6 Qg7 39. Qxd5 Rd8 {[#]} 40. Qxd8+ $3 {[%mdl 576] Remove Defender, Decoy} Bxd8 41. Re8+ {[%mdl 64] Double Attack} Qg8 42. Rxg8+ {Weighted Error Value: White=0.26/Black=0.48} 1-0

[Event "FE Carnevale GM Elite 2021"]
[Site "Bassano del Grappa"]
[Date "2021.02.16"]
[Round "8.3"]
[White "Moroni, Luca Jr"]
[Black "Basso, Pier Luigi"]
[Result "1/2-1/2"]
[WhiteElo "2573"]
[BlackElo "2553"]
[Annotator "TA"]
[PlyCount "31"]
[EventDate "2021.02.12"]
[EventType "tourn"]
[EventCountry "ITA"]
[SourceTitle "playchess.com"]
[Source "ChessBase"]
[SourceQuality "1"]

{[%evp 14,15,32,25]} 1. d4 Nf6 2. c4 g6 3. g3 Bg7 4. Bg2 O-O 5. Nc3 d6 6. Nf3 Nc6 7. O-O a6 8. Bf4 {[#] 8.b3 is setting a new trend.} {Predecessor:} Rb8 $146 {E63: King's Indian: Fianchetto: Panno Variation with 7...a6.} 9. Rc1 Bd7 10. d5 Na5 11. Nd2 c5 12. dxc6 Nxc6 13. c5 e5 14. Bg5 h6 15. Bxf6 Bxf6 16. Nde4 {1-0 (36) Grischuk,A (2777)-Sanal,V (2581) chess.com INT 2020} 1/2-1/2